| 000 | 01272nam a2200289 a 4500 | ||
|---|---|---|---|
| 003 | OSt | ||
| 005 | 20230822114718.0 | ||
| 007 | cr ||||||a|c|a | ||
| 008 | 230822s2023 mx a|||fom||| 001 0 spa d | ||
| 040 | _erda | ||
| 100 | 1 |
_9187724 _aFeliciano Morales, Leonel |
|
| 245 | 1 |
_aEvaluación Agronómica y caracterización varietal de dos variedades nuevas mejoradas de maíz para Valles Altos Centrales de México / _cpor Leonel Feliciano Morales ; director de tesis Rafael Ángel del Sagrado Corazón Ortega Paczka. |
|
| 264 |
_aChapingo, México : _bEl autor, _c2023. |
||
| 300 |
_a1 recurso en línea ( 97 páginas). _bcuadros, figuras. |
||
| 336 |
_2rdacontent _atexto _btxt |
||
| 337 |
_2rdamedia _acomputadora _bc |
||
| 338 |
_2rdacarrier _arecurso en línea _bcr |
||
| 502 |
_bIAEF _cFitotecnia _d2023. _gLIC |
||
| 504 | _aIncluye referencias bibliográficas: páginas 81-83. | ||
| 650 | 7 |
_9187725 _aMaíz _xIdentificación |
|
| 650 | 7 |
_971006 _aMaíz _xMejoramiento |
|
| 650 | 7 |
_970963 _aMaíz _xGenética |
|
| 650 | 0 |
_9151732 _a1.Maíz _xvariedades |
|
| 700 | 0 |
_983853 _aOrtega Paczka, Rafael Ángel del Sagrado Corazón _eDirector de tesis. |
|
| 856 |
_uhttp:/10.13.5.2/tesis/archivo.pdf _zDESCARGAR PDF |
||
| 942 |
_2Clasificación Universidad Autónoma Chapingo _cTD |
||
| 999 |
_c219094 _d219094 |
||